[Event "RUS-ch Higher League (Women) 73rd"]
[Site "Novokuznetsk"]
[Date "2023.07.03"]
[Round "7"]
[White "Baisheva, Nyurguiaana"]
[Black "Lesnykh, Zhanna"]
[Result "0-1"]
[WhiteElo "1919"]
[BlackElo "2019"]
[PlyCount "106"]
[EventDate "2023.06.26"]
[EventType "swiss"]
[EventRounds "9"]
[EventCountry "RUS"]
[SourceTitle "EXT 2024"]
[Source "ChessBase"]
[SourceDate "2023.10.10"]
[SourceVersion "1"]
[SourceVersionDate "2023.10.10"]
[SourceQuality "1"]

1. e4 e6 2. d4 d5 3. exd5 exd5 4. Bd3 Bd6 5. Nf3 Ne7 6. 0-0 Bg4 7. c3 Nbc6 8. Nbd2 Qd7 9. Re1 f6 10. b4 Nd8 11. Qb3 0-0 12. a4 Ne6 13. c4 c6 14. cxd5 cxd5 15. Bb5 Nc6 16. Ba3 Bf4 17. Qb2 Qf7 18. h3 Bh5 19. Bxc6 bxc6 20. b5 Rfb8 21. Qc3 cxb5 22. axb5 Rc8 23. Bc5 Bxf3 24. Nxf3 Bd6 25. Ra6 Nxc5 26. dxc5 Rxc5 27. Qd3 Rd8 28. Nd4 Bf8 29. Rae6 Rdc8 30. Nc6 Rc1 31. Rxc1 Qxe6 32. Qc3 Rc7 33. Re1 Qf7 34. Qa5 Bc5 35. Nd8 Bb6 36. Qb4 Qd7 37. Nc6 Qf7 38. Qd6 h6 39. Ne7+ Kh7 40. Nc6 Rd7 41. Qf4 Qg6 42. Qd2 d4 43. Ne7 Qf7 44. Qd3+ g6 45. Nc6 Bc5 46. g3 Kg7 47. Re2 Rd5 48. Re4 Qd7 49. Kg2 a6 50. Re1 axb5 51. Qxb5 d3 52. Qa4 d2 53. Rd1 Rd6 0-1

[Event "RUS-ch Higher League (Women) 73rd"]
[Site "Novokuznetsk"]
[Date "2023.06.29"]
[Round "4"]
[White "Borisova, Ekaterina"]
[Black "Baisheva, Nyurguiaana"]
[Result "1-0"]
[WhiteElo "2264"]
[BlackElo "1919"]
[PlyCount "77"]
[EventDate "2023.06.26"]
[EventType "swiss"]
[EventRounds "9"]
[EventCountry "RUS"]
[SourceTitle "EXT 2024"]
[Source "ChessBase"]
[SourceDate "2023.10.10"]
[SourceVersion "1"]
[SourceVersionDate "2023.10.10"]
[SourceQuality "1"]

1. Nf3 d5 2. g3 e6 3. Bg2 Nf6 4. 0-0 Be7 5. c4 a6 6. cxd5 exd5 7. Qc2 0-0 8. d3 c5 9. d4 b6 10. Nc3 Nc6 11. dxc5 bxc5 12. Rd1 Be6 13. Ng5 Nd4 14. Qd2 Rc8 15. b3 Re8 16. Bb2 Nb5 17. Nxe6 fxe6 18. e3 Nxc3 19. Bxc3 Qb6 20. Rab1 Rf8 21. h3 Ne8 22. b4 Nd6 23. bxc5 Qxc5 24. Rdc1 Nc4 25. Qe2 a5 26. Qg4 Rf7 27. Qxe6 Rd8 28. Bd4 Qd6 29. Qxd6 Rxd6 30. Rb8+ Rf8 31. Bxd5+ Rxd5 32. Rxf8+ Kxf8 33. Rxc4 Rb5 34. Rc7 g6 35. Kg2 Rb4 36. Rxe7 Kxe7 37. Bc5+ Ke6 38. Bxb4 axb4 39. Kf3 1-0

[Event "RUS-ch Higher League (Women) 73rd"]
[Site "Novokuznetsk"]
[Date "2023.06.27"]
[Round "2"]
[White "Ubiennykh, Ekaterina"]
[Black "Baisheva, Nyurguiaana"]
[Result "1-0"]
[WhiteElo "2288"]
[BlackElo "1919"]
[PlyCount "71"]
[EventDate "2023.06.26"]
[EventType "swiss"]
[EventRounds "9"]
[EventCountry "RUS"]
[SourceTitle "EXT 2024"]
[Source "ChessBase"]
[SourceDate "2023.10.10"]
[SourceVersion "1"]
[SourceVersionDate "2023.10.10"]
[SourceQuality "1"]

1. d4 d5 2. c4 e6 3. Nc3 Nf6 4. Nf3 Bb4 5. Qc2 0-0 6. a3 Be7 7. e4 dxe4 8. Nxe4 Nbd7 9. Neg5 g6 10. h4 h5 11. Nxe6 fxe6 12. Qxg6+ Kh8 13. Ng5 Qe8 14. Qh6+ Kg8 15. Bd3 Rf7 16. Bg6 Bf8 17. Nxf7 Bxh6 18. Nxh6+ Kf8 19. Bxe8 Kxe8 20. g4 hxg4 21. Bf4 c5 22. 0-0-0 cxd4 23. Rhe1 Nc5 24. Be5 Ke7 25. b4 Ncd7 26. Bxd4 b6 27. Nf5+ Kf7 28. Nd6+ Ke7 29. Kb2 a5 30. Nb5 Rb8 31. Nc7 Nf8 32. Bxf6+ Kxf6 33. Rd8 Ke7 34. Re8+ Kd7 35. Rxf8 Kxc7 36. h5 1-0

[Event "RUS-ch Higher League (Women) 73rd"]
[Site "Novokuznetsk"]
[Date "2023.06.26"]
[Round "1"]
[White "Baisheva, Nyurguiaana"]
[Black "Yakimova, Mariya"]
[Result "1/2-1/2"]
[WhiteElo "1919"]
[BlackElo "2196"]
[PlyCount "127"]
[EventDate "2023.06.26"]
[EventType "swiss"]
[EventRounds "9"]
[EventCountry "RUS"]
[SourceTitle "EXT 2024"]
[Source "ChessBase"]
[SourceDate "2023.10.10"]
[SourceVersion "1"]
[SourceVersionDate "2023.10.10"]
[SourceQuality "1"]

1. e4 c5 2. Nc3 Nc6 3. f4 g6 4. Nf3 Bg7 5. g3 e6 6. Bg2 Nge7 7. 0-0 0-0 8. d3 Rb8 9. Be3 Nd4 10. e5 Nef5 11. Bf2 d6 12. Ne4 Nxf3+ 13. Qxf3 h5 14. c3 b6 15. d4 d5 16. Nd2 cxd4 17. cxd4 Ba6 18. Rfc1 Qe7 19. a3 Rfc8 20. Bf1 Bxf1 21. Kxf1 Rc7 22. Rc3 Qd7 23. Rac1 Rbc8 24. Qd3 Rxc3 25. Rxc3 Rxc3 26. Qxc3 Qb5+ 27. Kg2 Qe2 28. Nf3 Bf8 29. Ng1 Qe4+ 30. Qf3 Qb1 31. Qe2 a6 32. h3 b5 33. g4 hxg4 34. hxg4 Ne7 35. Nf3 Nc6 36. Be1 Qc1 37. Qd2 Qc4 38. b4 Nb8 39. f5 Nd7 40. fxe6 fxe6 41. Qf4 Be7 42. Qe3 Qc2+ 43. Bf2 Qc8 44. Qh6 Nf8 45. Qd2 Qe8 46. Qc3 Qd7 47. Be3 Bd8 48. Bh6 Nh7 49. Qc2 Kf7 50. Be3 Qc7 51. Qc5 Ke8 52. Kg3 Kd7 53. Nd2 Be7 54. Qxc7+ Kxc7 55. Nb3 Ng5 56. Bxg5 Bxg5 57. Nc5 Bc1 58. Nxe6+ Kc6 59. Nc5 Bxa3 60. Nxa6 Bb2 61. Nb8+ Kc7 62. Na6+ Kc6 63. Nb8+ Kc7 64. Na6+ 1/2-1/2

[Event "Anapa Sea Harbor op"]
[Site "Anapa"]
[Date "2023.06.09"]
[Round "8"]
[White "Shepel, Ivan"]
[Black "Baisheva, Nyurguiaana"]
[Result "0-1"]
[WhiteElo "1591"]
[BlackElo "1886"]
[PlyCount "64"]
[EventDate "2023.06.02"]
[EventType "swiss"]
[EventRounds "9"]
[EventCountry "RUS"]
[SourceTitle "CBM 214 Extra"]
[Source "ChessBase"]
[SourceDate "2023.07.31"]
[SourceVersion "1"]
[SourceVersionDate "2023.07.31"]
[SourceQuality "1"]

1. d4 d5 2. c4 e6 3. Nf3 a6 4. cxd5 exd5 5. Nc3 c6 6. Qb3 Nf6 7. g3 Bd6 8. Bf4 0-0 9. Ne5 Qe7 10. 0-0-0 b5 11. Bg2 Bf5 12. f3 a5 13. e4 Be6 14. Qc2 Rc8 15. Kb1 Na6 16. Nd3 Ne8 17. e5 Bc7 18. g4 Bb6 19. Qf2 Nb4 20. Nc1 Nc7 21. Be3 a4 22. a3 Nba6 23. Nd3 Ba5 24. Na2 b4 25. Bd2 b3 26. Bxa5 bxa2+ 27. Kxa2 Nb5 28. Bb6 Qb7 29. Bc5 Rcb8 30. Rd2 Nc3+ 31. Ka1 Qb3 32. Nc1 Nxc5 0-1

[Event "Anapa Sea Harbor op"]
[Site "Anapa"]
[Date "2023.06.08"]
[Round "7"]
[White "Gitelson, Arkady"]
[Black "Baisheva, Nyurguiaana"]
[Result "1-0"]
[WhiteElo "2213"]
[BlackElo "1886"]
[PlyCount "89"]
[EventDate "2023.06.02"]
[EventType "swiss"]
[EventRounds "9"]
[EventCountry "RUS"]
[SourceTitle "CBM 214 Extra"]
[Source "ChessBase"]
[SourceDate "2023.07.31"]
[SourceVersion "1"]
[SourceVersionDate "2023.07.31"]
[SourceQuality "1"]

1. e4 c5 2. Nf3 e6 3. g3 g6 4. d4 Bg7 5. dxc5 Qa5+ 6. c3 Qxc5 7. Be3 Qc7 8. Na3 Bxc3+ 9. bxc3 Qxc3+ 10. Nd2 Qxa3 11. Rc1 Nc6 12. Nc4 Qb4+ 13. Bd2 Qe7 14. Bc3 f6 15. Nd6+ Kf8 16. Bb5 Nh6 17. Bxc6 bxc6 18. Bb4 Kg8 19. Qd2 Qg7 20. Ne8 Qf7 21. Nc7 Rb8 22. Bd6 Kg7 23. 0-0 Rd8 24. Qa5 Rb6 25. Bc5 Rb8 26. Nxe6+ Qxe6 27. Qxd8 Qg8 28. Qxg8+ Kxg8 29. Rb1 Rb5 30. Bxa7 Kf7 31. Rxb5 cxb5 32. Rb1 Ba6 33. Bc5 Ke8 34. f3 Kd8 35. Bd4 Ke7 36. a4 bxa4 37. Bxf6+ Kf7 38. Bg5 Ng8 39. Rb4 Be2 40. Kf2 Bd1 41. Rd4 Bb3 42. Rxd7+ Ke6 43. Rxh7 a3 44. Ra7 a2 45. Ke3 1-0

[Event "Gelendzhik Rapid op"]
[Site "Gelendzhik"]
[Date "2023.05.27"]
[Round "3"]
[White "Baisheva, Nyurguiaana"]
[Black "Volkov, Sergei"]
[Result "1/2-1/2"]
[WhiteElo "1886"]
[BlackElo "2249"]
[PlyCount "82"]
[EventDate "2023.05.27"]
[EventType "swiss (rapid)"]
[EventRounds "11"]
[EventCountry "RUS"]
[SourceTitle "CBM 214 Extra"]
[Source "ChessBase"]
[SourceDate "2023.07.31"]
[SourceVersion "1"]
[SourceVersionDate "2023.07.31"]
[SourceQuality "1"]

1. e4 c5 2. Nc3 Nc6 3. f4 e6 4. Nf3 Nge7 5. a4 d5 6. e5 Nf5 7. Bb5 Bd7 8. 0-0 Be7 9. b3 0-0 10. Bxc6 bxc6 11. Ba3 f6 12. Kh1 Be8 13. exf6 gxf6 14. Qe1 Bf7 15. Qf2 c4 16. Bxe7 Qxe7 17. bxc4 dxc4 18. Qe2 Nd6 19. Nd4 Qd7 20. Rae1 Rae8 21. Qg4+ Kh8 22. Qf3 c5 23. Nde2 Bg6 24. d3 cxd3 25. cxd3 Rb8 26. Ng3 Rb3 27. Rc1 Nf5 28. Nge4 Qe7 29. Nb5 Nd4 30. Qd1 Rb4 31. Rxc5 Bxe4 32. Rc7 Bxg2+ 33. Kxg2 Qd8 34. Qh5 Qd5+ 35. Qxd5 exd5 36. Nxd4 Rxd4 37. Rf3 Rxa4 38. Rh3 Rg8+ 39. Kf2 Rg7 40. Rc8+ Rg8 41. Rc7 Rg7 1/2-1/2

[Event "World Cup U18 Girls Prel"]
[Site "Tornelo INT"]
[Date "2021.08.01"]
[Round "3"]
[White "Ahmed, Walijah"]
[Black "Baisheva, Nyurguiaana"]
[Result "0-1"]
[WhiteElo "1904"]
[BlackElo "1782"]
[PlyCount "80"]
[EventDate "2021.08.01"]
[EventType "swiss (rapid)"]
[EventRounds "10"]
[EventCountry "NET"]
[SourceTitle "EXT 2024"]
[Source "ChessBase"]
[SourceDate "2023.10.10"]
[SourceVersion "1"]
[SourceVersionDate "2023.10.10"]
[SourceQuality "1"]

1. e4 c5 2. Nf3 d6 3. d4 cxd4 4. Nxd4 Nf6 5. Nc3 a6 6. h3 e6 7. g4 Be7 8. g5 Nfd7 9. h4 Nc6 10. Be3 Qc7 11. Qd2 b5 12. a3 Bb7 13. Bg2 Rc8 14. Nxc6 Bxc6 15. 0-0 Ne5 16. f4 Nc4 17. Qf2 Nxe3 18. Qxe3 f6 19. f5 exf5 20. Nd5 Bxd5 21. exd5 0-0 22. Rae1 Rce8 23. Qe6+ Kh8 24. Re2 fxg5 25. hxg5 Qd8 26. Rfe1 f4 27. Bf3 g6 28. Qg4 Rf5 29. Kg2 Kg8 30. Qh4 Qc7 31. Bg4 Rxg5 32. Kf3 Re5 33. Be6+ Kg7 34. Qh2 Rxe2 35. Rxe2 Rf8 36. Qf2 Bf6 37. c3 Qc4 38. Re4 Qd3+ 39. Kxf4 Be5+ 40. Kg5 Rxf2 0-1

[Event "World Cup U18 Girls Prel"]
[Site "Tornelo INT"]
[Date "2021.08.01"]
[Round "2"]
[White "Baisheva, Nyurguiaana"]
[Black "Arushi, Kotwal"]
[Result "0-1"]
[WhiteElo "1782"]
[BlackElo "1854"]
[PlyCount "136"]
[EventDate "2021.08.01"]
[EventType "swiss (rapid)"]
[EventRounds "10"]
[EventCountry "NET"]
[SourceTitle "EXT 2024"]
[Source "ChessBase"]
[SourceDate "2023.10.10"]
[SourceVersion "1"]
[SourceVersionDate "2023.10.10"]
[SourceQuality "1"]

1. e4 e6 2. d4 d5 3. e5 c5 4. c3 Bd7 5. Nf3 a6 6. Be2 cxd4 7. cxd4 Bb5 8. 0-0 Nc6 9. Nc3 Bxe2 10. Qxe2 b5 11. a3 Nge7 12. Be3 Nf5 13. Rac1 Rc8 14. Rfd1 Be7 15. h3 0-0 16. g4 Nh4 17. Nxh4 Bxh4 18. f4 Be7 19. Kh2 Na5 20. g5 Nc4 21. Bg1 g6 22. h4 h6 23. h5 hxg5 24. hxg6 fxg6 25. Qg4 Rc6 26. Rf1 Kg7 27. Ne2 Rh8+ 28. Kg2 Rh4 29. Qg3 Rc8 30. b3 Nd2 31. Rxc8 Qxc8 32. fxg5 Rh5 33. Rf4 Rxg5 34. Rg4 Ne4 35. Qf3 Rxg4+ 36. Qxg4 Qc2 37. b4 Nc3 38. Kf1 Nxe2 39. Qxe2 Qc1+ 40. Kg2 Qxa3 41. Qg4 Qb2+ 42. Bf2 Kf7 43. Qf4+ Ke8 44. Qg4 Kd7 45. Qxg6 Qxb4 46. Qf7 a5 47. Qg8 a4 48. Qa8 a3 49. Qb7+ Ke8 50. Qc8+ Kf7 51. Qh8 a2 52. Qh5+ Kg7 53. Qg4+ Kf8 54. Qxe6 a1Q 55. Qh6+ Ke8 56. Qc6+ Kd8 57. Qb6+ Kd7 58. Qb7+ Ke8 59. Qc6+ Kf7 60. Qxd5+ Kg7 61. Qe4 Qc1 62. Be3 Qbb2+ 63. Kg3 Qe1+ 64. Kg4 Qbe2+ 65. Kf4 Q1f1+ 66. Kg3 Qfe1+ 67. Kf4 Qh4+ 68. Kf5 Qeh5+ 0-1

[Event "World Cup U18 Girls Prel"]
[Site "Tornelo INT"]
[Date "2021.08.01"]
[Round "4"]
[White "Baisheva, Nyurguiaana"]
[Black "Garcia Andrada, Heidy Nicole"]
[Result "0-1"]
[WhiteElo "1782"]
[BlackElo "1912"]
[PlyCount "140"]
[EventDate "2021.08.01"]
[EventType "swiss (rapid)"]
[EventRounds "10"]
[EventCountry "NET"]
[SourceTitle "EXT 2024"]
[Source "ChessBase"]
[SourceDate "2023.10.10"]
[SourceVersion "1"]
[SourceVersionDate "2023.10.10"]
[SourceQuality "1"]

1. e4 c5 2. Nf3 e6 3. d4 cxd4 4. Nxd4 a6 5. a4 b6 6. Be2 Bb7 7. Nc3 Qc7 8. 0-0 Nf6 9. f3 d5 10. exd5 Nxd5 11. Nxd5 Bxd5 12. b3 Bd6 13. f4 0-0 14. Be3 Nd7 15. c4 Bb7 16. Rc1 Rfd8 17. Qc2 Nf6 18. Rcd1 Bc5 19. Kh1 Rd7 20. Qc1 Rad8 21. Nc2 Ne4 22. Bf3 Rxd1 23. Rxd1 Rxd1+ 24. Bxd1 Nf2+ 25. Bxf2 Bxf2 26. Qd2 Bh4 27. Nd4 Bf6 28. Nf3 h6 29. h3 Kf8 30. Be2 Ke7 31. Qb4+ Qd6 32. Qxd6+ Kxd6 33. Kg1 Be4 34. Bd1 Kc5 35. Kf2 Kb4 36. Ke3 Bb1 37. Ne1 Ba2 38. Nd3+ Kc3 39. Nc1 Bd4+ 40. Ke2 Bb1 41. g4 a5 42. Ke1 Be3 43. Ne2+ Kb2 44. h4 Bc2 45. Bxc2 Kxc2 46. g5 Kxb3 47. gxh6 gxh6 48. Kd1 Kxc4 49. Kc2 f6 50. h5 e5 51. fxe5 fxe5 52. Nc3 Bc5 53. Ne4 Be7 54. Nc3 Kd4 55. Nb5+ Ke3 56. Nc7 Kf2 57. Kd3 Bd6 58. Nd5 Bc5 59. Nf6 Kf3 60. Ne4 Kf4 61. Nf6 Kg5 62. Nd7 Kxh5 63. Nxe5 Kg5 64. Ke4 h5 65. Kf3 Kf5 66. Nd3 Bd4 67. Kg3 Ke4 68. Ne1 Kd5 69. Kh4 Bf2+ 70. Kxh5 Bxe1 0-1

[Event "World Cup U18 Girls Prel"]
[Site "Tornelo INT"]
[Date "2021.08.01"]
[Round "8"]
[White "Baisheva, Nyurguiaana"]
[Black "Hajiyeva, Laman"]
[Result "1-0"]
[WhiteElo "1782"]
[BlackElo "2000"]
[PlyCount "117"]
[EventDate "2021.08.01"]
[EventType "swiss (rapid)"]
[EventRounds "10"]
[EventCountry "NET"]
[SourceTitle "EXT 2024"]
[Source "ChessBase"]
[SourceDate "2023.10.10"]
[SourceVersion "1"]
[SourceVersionDate "2023.10.10"]
[SourceQuality "1"]

1. e4 c6 2. d4 d5 3. exd5 cxd5 4. Bd3 Nc6 5. c3 Qc7 6. h3 Nf6 7. Ne2 g6 8. 0-0 Bg7 9. Bf4 Qb6 10. Qb3 Qxb3 11. axb3 0-0 12. Nd2 a6 13. Nf3 Bf5 14. Bxf5 gxf5 15. Ne5 Rfc8 16. f3 e6 17. Kf2 Nxe5 18. Bxe5 Nd7 19. Bxg7 Kxg7 20. Nf4 Rc6 21. Nd3 Rac8 22. Ke3 f6 23. f4 Kf7 24. g4 fxg4 25. hxg4 Rg8 26. Kf3 Rcc8 27. Rh1 Rg7 28. Rh4 Rcg8 29. Rah1 Ke8 30. Nf2 Nf8 31. Nd3 Nd7 32. c4 Kd8 33. cxd5 exd5 34. Nb4 Nb6 35. R1h3 a5 36. Nd3 Nd7 37. f5 Kc7 38. Nf4 Kd6 39. Ne6 Re7 40. Rxh7 Rc8 41. Rxe7 Kxe7 42. Rh2 Rc1 43. Nf4 Kd6 44. Re2 Rf1+ 45. Kg3 Rg1+ 46. Ng2 Rb1 47. Kf2 b5 48. Nf4 Nf8 49. Ng6 Nd7 50. Nf4 Nf8 51. Nh5 Nd7 52. Ng7 a4 53. bxa4 bxa4 54. Ne8+ Kc6 55. Rc2+ Kb6 56. Nc7 Rh1 57. Nxd5+ Kb5 58. Kg2 Rd1 59. Nc3+ 1-0

[Event "RUS-ch Higher League (Women) 71st"]
[Site "Cheboksary"]
[Date "2021.07.03"]
[Round "7"]
[White "Miroshnik, Ekaterina"]
[Black "Baisheva, Nyurguiaana"]
[Result "1/2-1/2"]
[WhiteElo "2234"]
[BlackElo "1782"]
[PlyCount "134"]
[EventDate "2021.06.26"]
[EventType "swiss"]
[EventRounds "9"]
[EventCountry "RUS"]
[SourceTitle "CBM 203 Extra"]
[Source "ChessBase"]
[SourceDate "2021.09.30"]
[SourceVersion "1"]
[SourceVersionDate "2021.09.30"]
[SourceQuality "1"]

1. Nf3 Nf6 2. b3 d5 3. Bb2 g6 4. e3 Bg7 5. Be2 0-0 6. 0-0 c5 7. d3 Nc6 8. Nbd2 Qc7 9. c4 e5 10. cxd5 Nxd5 11. Qc2 b6 12. Rad1 Bb7 13. Qb1 Rad8 14. a3 f5 15. Rfe1 Ba6 16. Bf1 Nf6 17. h3 h6 18. Nc4 Bxc4 19. dxc4 e4 20. Nh2 a5 21. Be2 Kh7 22. Nf1 Ne5 23. Rxd8 Rxd8 24. Rd1 Nc6 25. Rxd8 Qxd8 26. f4 exf3 27. Bxf3 Qd6 28. Qa1 Nd8 29. Be5 Qe7 30. Bc3 Nf7 31. Qd1 Ng5 32. Bc6 Nge4 33. Bxf6 Nxf6 34. Qd3 h5 35. Nd2 Bh6 36. Kf2 Qc7 37. Bf3 Qe7 38. Qc3 Qd6 39. Ke2 Kg8 40. Qd3 Qxd3+ 41. Kxd3 Kf7 42. Bd5+ Ke7 43. Nf3 Kd6 44. Nh4 Nd7 45. Ke2 Ne5 46. g3 Ke7 47. Ng2 g5 48. Bf3 g4 49. hxg4 hxg4 50. Bb7 Bg5 51. Bc8 Kf6 52. a4 Kg6 53. Ne1 Be7 54. Bb7 Bd6 55. e4 fxe4 56. Bxe4+ Kg5 57. Nc2 Nd7 58. Kf2 Nf6 59. Bc6 Nh5 60. Ne3 Bxg3+ 61. Kg2 Bc7 62. Nd5 Nf4+ 63. Nxf4 Kxf4 64. Bd7 g3 65. Bc6 Ke3 66. Bb5 Kd2 67. Kf3 Kc3 1/2-1/2

[Event "RUS-ch Higher League (Women) 71st"]
[Site "Cheboksary"]
[Date "2021.06.29"]
[Round "4"]
[White "Baisheva, Nyurguiaana"]
[Black "Iljushina, Olga"]
[Result "1/2-1/2"]
[WhiteElo "1782"]
[BlackElo "2150"]
[PlyCount "119"]
[EventDate "2021.06.26"]
[EventType "swiss"]
[EventRounds "9"]
[EventCountry "RUS"]
[SourceTitle "CBM 203 Extra"]
[Source "ChessBase"]
[SourceDate "2021.09.30"]
[SourceVersion "1"]
[SourceVersionDate "2021.09.30"]
[SourceQuality "1"]

1. e4 e5 2. Nf3 Nc6 3. Bb5 a6 4. Bxc6 dxc6 5. 0-0 Bg4 6. h3 h5 7. d3 Qf6 8. Be3 Bxf3 9. Qxf3 Qxf3 10. gxf3 Bd6 11. c3 c5 12. Nd2 Ne7 13. Rfd1 0-0-0 14. a3 g5 15. b4 cxb4 16. axb4 Rdg8 17. Nc4 g4 18. fxg4 hxg4 19. hxg4 Rxg4+ 20. Kf1 f5 21. exf5 Nxf5 22. Ke2 Rhg8 23. Bd2 e4 24. dxe4 Rxe4+ 25. Ne3 Rge8 26. Kd3 Nh4 27. Nd5 R4e5 28. c4 Nf3 29. b5 c6 30. bxc6 bxc6 31. Rxa6 cxd5 32. Rxd6 dxc4+ 33. Kxc4 Re4+ 34. Kd3 Kc7 35. Rf6 Rd4+ 36. Kc3 Rxd2 37. Rxd2 Nxd2 38. Kxd2 Kd7 39. Kd3 Ke7 40. Rf4 Ra8 41. Ke4 Ra5 42. Rf5 Ra4+ 43. Kf3 Rb4 44. Rf4 Rb1 45. Kg4 Ke6 46. Kg5 Rg1+ 47. Rg4 Rf1 48. Re4+ Kf7 49. f4 Ra1 50. Re5 Ra6 51. Rf5+ Kg7 52. Rd5 Kf7 53. Rd7+ Kf8 54. f5 Rb6 55. Ra7 Rc6 56. Ra5 Rb6 57. f6 Rb1 58. Ra8+ Kf7 59. Ra7+ Kf8 60. Ra8+ 1/2-1/2

[Event "RUS-ch Higher League (Women) 71st"]
[Site "Cheboksary"]
[Date "2021.06.26"]
[Round "1"]
[White "Baisheva, Nyurguiaana"]
[Black "Goltseva, Ekaterina"]
[Result "0-1"]
[WhiteElo "1782"]
[BlackElo "2272"]
[PlyCount "108"]
[EventDate "2021.06.26"]
[EventType "swiss"]
[EventRounds "9"]
[EventCountry "RUS"]
[SourceTitle "CBM 203 Extra"]
[Source "ChessBase"]
[SourceDate "2021.09.30"]
[SourceVersion "1"]
[SourceVersionDate "2021.09.30"]
[SourceQuality "1"]

1. e4 e5 2. Nf3 Nc6 3. Bb5 a6 4. Bxc6 dxc6 5. 0-0 Be7 6. d4 exd4 7. Nxd4 Nf6 8. f3 0-0 9. Be3 Re8 10. Nc3 Bd6 11. Qd2 Qe7 12. Rfe1 Bd7 13. Rad1 Rad8 14. Qf2 Qe5 15. Qh4 Qh5 16. Qxh5 Nxh5 17. Nce2 c5 18. Nb3 b6 19. g4 Nf6 20. Bg5 Be5 21. c3 h6 22. Bh4 g5 23. Bg3 h5 24. h3 h4 25. Bxe5 Rxe5 26. c4 Ree8 27. Nc3 Bc6 28. Nc1 Nd7 29. Nd3 Nf8 30. Nd5 Bxd5 31. exd5 Ng6 32. Kf2 Kf8 33. Re4 Rd6 34. Rde1 Red8 35. R1e3 c6 36. dxc6 Rxc6 37. Ne5 Nxe5 38. Rxe5 Rd2+ 39. Re2 Rxe2+ 40. Kxe2 f6 41. Rd5 Re6+ 42. Kd2 Ke7 43. a3 Rd6 44. Rd3 Ke6 45. a4 Rxd3+ 46. Kxd3 Ke5 47. Ke3 f5 48. Kd3 fxg4 49. fxg4 Kf4 50. Ke2 Kg3 51. Ke3 Kxh3 52. Kf3 a5 53. b3 Kh2 54. Kf2 h3 0-1

[Event "Moscow op (Women) 16th"]
[Site "Moscow"]
[Date "2020.02.02"]
[Round "9"]
[White "Asatryan, Maria"]
[Black "Baisheva, Nyurguiaana"]
[Result "1/2-1/2"]
[WhiteElo "1577"]
[BlackElo "1800"]
[PlyCount "137"]
[EventDate "2020.01.25"]
[EventType "swiss"]
[EventRounds "9"]
[EventCountry "RUS"]
[SourceTitle "CBM 194 Extra"]
[Source "ChessBase"]
[SourceDate "2020.03.31"]
[SourceVersion "1"]
[SourceVersionDate "2020.03.31"]
[SourceQuality "1"]

1. d4 Nf6 2. Nf3 e6 3. c4 Bb4+ 4. Bd2 Be7 5. g3 b6 6. Bg2 Bb7 7. 0-0 0-0 8. Qc2 c5 9. Bg5 cxd4 10. Bxf6 Bxf6 11. Ng5 Bxg5 12. Bxb7 Nc6 13. Bxa8 Qxa8 14. a3 Rc8 15. Nd2 Na5 16. Ne4 Be7 17. Qd3 e5 18. Rac1 Qc6 19. b4 Nxc4 20. Nd2 d5 21. Qf5 g6 22. Qd3 e4 23. Qb3 Bg5 24. Rfd1 Qe6 25. Qc2 Rd8 26. Nxc4 Bxc1 27. Rxc1 dxc4 28. Qxc4 Qxc4 29. Rxc4 b5 30. Rc1 d3 31. exd3 Rxd3 32. Rc5 a6 33. a4 bxa4 34. Ra5 a3 35. Rxa6 Rb3 36. b5 Kg7 37. b6 a2 38. Rxa2 Rxb6 39. Ra4 Re6 40. Kf1 h6 41. h4 f5 42. Ke2 Kf6 43. Ke3 Rb6 44. Ra3 g5 45. hxg5+ hxg5 46. Rc3 Rb5 47. f3 exf3 48. Kxf3 g4+ 49. Ke3 Rb2 50. Kd4 Rg2 51. Re3 Rd2+ 52. Kc3 Rf2 53. Kd3 Kg5 54. Kc3 Rf3 55. Kd2 Rxe3 56. Kxe3 Kf6 57. Kf2 Ke5 58. Ke3 Kd5 59. Kd3 Kc5 60. Ke3 Kd6 61. Kd2 Ke5 62. Ke2 Kf6 63. Kf2 Kg5 64. Ke3 f4+ 65. gxf4+ Kh4 66. Kf2 g3+ 67. Kg2 Kg4 68. f5 Kxf5 69. Kxg3 1/2-1/2

[Event "Moscow op (Women) 16th"]
[Site "Moscow"]
[Date "2020.01.31"]
[Round "7"]
[White "Komarova, Viktoria"]
[Black "Baisheva, Nyurguiaana"]
[Result "0-1"]
[WhiteElo "1471"]
[BlackElo "1800"]
[PlyCount "66"]
[EventDate "2020.01.25"]
[EventType "swiss"]
[EventRounds "9"]
[EventCountry "RUS"]
[SourceTitle "CBM 194 Extra"]
[Source "ChessBase"]
[SourceDate "2020.03.31"]
[SourceVersion "1"]
[SourceVersionDate "2020.03.31"]
[SourceQuality "1"]

1. d4 Nf6 2. c4 e6 3. Nf3 Bb4+ 4. Bd2 Be7 5. Nc3 d5 6. e3 0-0 7. Bd3 c5 8. cxd5 Nxd5 9. Bc4 cxd4 10. Nxd4 Nf6 11. 0-0 e5 12. Nf3 Nc6 13. e4 Bg4 14. Be2 Bb4 15. Qc2 Bxf3 16. Bxf3 Nd4 17. Qd1 Nxf3+ 18. gxf3 Nh5 19. Qc1 Rc8 20. Kh1 Qf6 21. Qd1 Rfd8 22. Qe2 Rxd2 23. Qe3 Bxc3 24. bxc3 Rcd8 25. Kg2 R2d3 26. Kg1 Rxe3 27. fxe3 Qg5+ 28. Kh1 Rd2 29. Rg1 Qxe3 30. Rg2 Qxf3 31. Rag1 Ng3+ 32. hxg3 Qh5+ 33. Rh2 Rxh2# 0-1

[Event "Moscow op (Women) 16th"]
[Site "Moscow"]
[Date "2020.01.30"]
[Round "6"]
[White "Baisheva, Nyurguiaana"]
[Black "Darmaeva, Nomina"]
[Result "0-1"]
[WhiteElo "1800"]
[BlackElo "1411"]
[PlyCount "70"]
[EventDate "2020.01.25"]
[EventType "swiss"]
[EventRounds "9"]
[EventCountry "RUS"]
[SourceTitle "CBM 194 Extra"]
[Source "ChessBase"]
[SourceDate "2020.03.31"]
[SourceVersion "1"]
[SourceVersionDate "2020.03.31"]
[SourceQuality "1"]

1. e4 c5 2. Nf3 Nc6 3. d4 cxd4 4. Nxd4 g6 5. Nc3 Bg7 6. Be3 Nf6 7. f3 0-0 8. Qd2 d5 9. Nxc6 bxc6 10. 0-0-0 Be6 11. e5 Nd7 12. f4 f6 13. exf6 Bxf6 14. Na4 Qb8 15. h3 Nb6 16. Nxb6 axb6 17. a3 Qd6 18. c3 c5 19. g4 d4 20. Qc2 Bd5 21. Rg1 dxe3 22. Bg2 e6 23. c4 Qxf4 24. Rdf1 Qh6 25. g5 Bxg5 26. Rxf8+ Rxf8 27. cxd5 e2+ 28. Kb1 Bd2 29. Qe4 Qe3 30. Qxe3 Bxe3 31. Re1 Rf2 32. d6 Rxg2 33. h4 Kf7 34. Kc2 Bf4 35. Kd3 Bxd6 0-1

[Event "Moscow op (Women) 16th"]
[Site "Moscow"]
[Date "2020.01.28"]
[Round "4"]
[White "Baisheva, Nyurguiaana"]
[Black "Nagaeva, Aliia"]
[Result "0-1"]
[WhiteElo "1800"]
[BlackElo "1671"]
[PlyCount "110"]
[EventDate "2020.01.25"]
[EventType "swiss"]
[EventRounds "9"]
[EventCountry "RUS"]
[SourceTitle "CBM 194 Extra"]
[Source "ChessBase"]
[SourceDate "2020.03.31"]
[SourceVersion "1"]
[SourceVersionDate "2020.03.31"]
[SourceQuality "1"]

1. Nf3 Nf6 2. e3 b6 3. c4 Bb7 4. g3 e5 5. Bg2 e4 6. Nd4 c5 7. Ne2 Nc6 8. Nbc3 Ne5 9. 0-0 Nxc4 10. d3 Nd6 11. dxe4 Ndxe4 12. Nxe4 Bxe4 13. Bxe4 Nxe4 14. Nf4 Nf6 15. b3 Be7 16. Bb2 0-0 17. Qd3 Qc8 18. Rad1 Rd8 19. Bxf6 Bxf6 20. Nd5 Qc6 21. Qf5 Qe6 22. Nxf6+ gxf6 23. Qf3 d5 24. Rd2 Rd6 25. Rfd1 Rad8 26. a4 a5 27. Qf4 f5 28. h4 Qe4 29. Qg5+ Kh8 30. Qh5 R8d7 31. Rd3 Qg4 32. Qxg4 fxg4 33. Kf1 Kg7 34. e4 d4 35. f4 gxf3 36. Rxf3 Re6 37. Rf4 Rde7 38. Re1 h5 39. Kf2 Re5 40. Kf3 f5 41. exf5 Rxe1 42. f6+ Kg6 43. fxe7 Rxe7 44. Kg2 Re2+ 45. Kf1 Re3 46. Rf8 Rxb3 47. Ke2 c4 48. Rd8 d3+ 49. Kd2 Kf5 50. Rd5+ Ke4 51. Rd8 c3+ 52. Kc1 Rb2 53. Rd7 d2+ 54. Kd1 Rb1+ 55. Kc2 Rc1+ 0-1